| 000 | 005020000a22001930004500 | ||
|---|---|---|---|
| 001 | 000942 | ||
| 003 | MACL | ||
| 005 | 20150913151529.0 | ||
| 008 | 150913b xxu||||| |||| 00| 0 eng d | ||
| 040 |
_aMACL _cMACL |
||
| 041 | _aEnglish | ||
| 082 | _a823/CHA | ||
| 100 |
_aChaudhury, Sukanta _99706 |
||
| 245 |
_aRabindranath Tagore _bSelected Shor Stories _cSukanta Chaudhury |
||
| 260 |
_aNew Delhi _c2000 _bOxford University Press, |
||
| 350 | _a475 | ||
| 650 |
_a Fiction _910826 |
||
| 942 |
_k823 _cBK _2ddc |
||
| 999 |
_c940 _d940 |
||